000
00234nam a2200097Ia 4500
008
240331s9999 xx 000 0 und d
082
_a
303.4
_b
FRO
100
_a
Morris,A.D. ed
245
0
_a
Frontiers in social movement theory
942
_c
L
999
_c
1234
_d
1234